| 000 | 01104cad a22002175a 4500 | ||
|---|---|---|---|
| 001 | L157708 | ||
| 008 | 130328e2013 xxk 000 0 eng d | ||
| 035 | _a(Sirsi) u157708 | ||
| 041 | 0 | _aeng | |
| 110 | 2 |
_aUnited Kingdom _bDepartment for Environment Food and Rural Affairs |
|
| 245 | 0 | 0 |
_a£5 million to support innovative flood defence schemes _h[electronic resource] |
| 260 |
_aLondon _bDEFRA _c2013 |
||
| 520 | _aThirteen communities across England will benefit from a £5 million fund to come up with innovative projects that will better protect homes and businesses from the risk of flooding. The projects will be required to demonstrate that they can reduce the levels of flood risk in measurable ways. The projects are funded by the Flood Resilience Community Pathfinder scheme launched by Defra in December 2012. | ||
| 590 | _aKA | ||
| 651 | 4 | _aEngland | |
| 690 |
_aEnvironment _96238 |
||
| 690 |
_aInfrastructure _96246 |
||
| 690 |
_aSustainability _96271 |
||
| 856 | 4 | 0 |
_uhttps://www.defra.gov.uk/news/2013/03/25/flood-defenc/ _zView the item free of charge at www.defra.gov.uk |
| 942 | _n0 | ||
| 999 |
_c84442 _d84442 |
||